Central Library OPAC University of Rajshahi

Islam & wealth : (Record no. 56969)

MARC details
000 -LEADER
fixed length control field 00689nam a2200217 a 4500
001 - CONTROL NUMBER
control field 56969
003 - CONTROL NUMBER IDENTIFIER
rucl marc code BD-RjUL
005 - DATE AND TIME OF LATEST TRANSACTION
control field 20211209080444.0
008 - FIXED-LENGTH DATA ELEMENTS--GENERAL INFORMATION
fixed length control field 161205s2001 my ||||| |||| 00| 0 eng d
020 ## - INTERNATIONAL STANDARD BOOK NUMBER
International Standard Book Number 9679787672
035 ## - SYSTEM CONTROL NUMBER
System control number (BD-RjUL)57093
040 ## - CATALOGING SOURCE
Original cataloging agency BD-RjUL
Language of cataloging eng
Transcribing agency BD-RjUL
041 ## - LANGUAGE CODE
Language code of text/sound track or separate title eng
082 ## - DEWEY DECIMAL CLASSIFICATION NUMBER
Edition number 23
Classification number 297.273
Author mark and year YUI 2001
100 1# - MAIN ENTRY--PERSONAL NAME
Personal name Nik, Mohamed Affandi bin
9 (RLIN) 169308
245 ## - TITLE STATEMENT
Title Islam & wealth :
Remainder of title the balanced approach to wealth creation, accumulation, and distribution /
Statement of responsibility, etc. Mohamed Affandi bin Nik Yusoff, Edited by Ismail Noor
300 ## - PHYSICAL DESCRIPTION
Pagination xvi, 173 p. ;
Size 21 cm
650 ## - SUBJECT ADDED ENTRY--TOPICAL TERM
Topical term or geographic name as entry element Islamic and economics
9 (RLIN) 170486
700 ## - ADDED ENTRY--PERSONAL NAME
Personal name Noor. Ismail
942 ## - ADDED ENTRY ELEMENTS (KOHA)
Source of classification or shelving scheme Dewey Decimal Classification
Koha item type Books
Holdings
Lost status Source of classification or shelving scheme Damaged status Not for loan Collection code Permanent Location Current Location Shelving location Date acquired Source of acquisition Cost, normal purchase price Total Checkouts Full call number Date last seen Copy number Koha item type
  Dewey Decimal Classification   Not For Loan Non-fiction Central Library, University of Rajshahi Central Library, University of Rajshahi Reading Room 23/02/2008 Dhaka,Paragon Enterprise Lit., 12.90   297.273 YUI 2001 05/12/2016 C-1 Books